书目信息 |
| 题名: |
2006流变学进展
|
|
| 作者: | 侯万国 , 罗迎社 主编 | |
| 分册: | ||
| 出版信息: | 济南 山东大学出版社 2006.08 |
|
| 页数: | 437页 | |
| 开本: | 26cm | |
| 丛书名: | ||
| 单 册: | ||
| 中图分类: | O37-53 | |
| 科图分类: | ||
| 主题词: | 流变学--liu bian xue--学术会议--文集 | |
| 电子资源: | ||
| ISBN: | 7-5607-3224-0 | |
| 000 | 01322nam0 2200265 450 | |
| 001 | 012006238046 | |
| 005 | 20070611161818.56 | |
| 010 | @a7-5607-3224-0@dCNY120.00 | |
| 100 | @a20061211d2006 km y0chiy0120 ea | |
| 101 | 0 | @achi |
| 102 | @aCN@b370000 | |
| 105 | @aak a 000yy | |
| 200 | 1 | @a2006流变学进展@A2006 liu bian xue jin zhan@d= Advances in rheology@e中国化学学会 中国力学学会第八届全国流变学学术会议论文集@f侯万国, 罗迎社主编@Fhou wan guo,luo ying she zhu bian@zeng |
| 210 | @a济南@c山东大学出版社@d2006.08 | |
| 215 | @a437页@c图@d26cm | |
| 320 | @a有书目 | |
| 330 | @a本书由第八届全国流变学学术会议论文精选汇编而成,共收入论文近80篇,内容涉及流变学各主要的分支学科。全书分为“专题报告”、“高分子溶液与熔体”、“多相体系”、“本构理论 固体流变学”、“石油流变学”、“岩石、地质流变学”、“工业流变学”、“食品、医药、生物流变学”、“两亲分子缔合结构与流变学”九部分。 | |
| 510 | 1 | @aAdvances in rheology@zeng |
| 517 | 1 | @a中国化学学会 中国力学学会第八届全国流变学学术会议论文集@Azhong guo hua xue xue hui zhong guo li xue xue hui di ba jie quan guo liu bian xue xue shu hui yi lun wen ji |
| 606 | 0 | @a流变学@Aliu bian xue@x学术会议@j文集 |
| 690 | @aO37-53@v4 | |
| 701 | 0 | @a侯万国@Ahou wan guo@4主编 |
| 701 | 0 | @a罗迎社@Aluo ying she@4主编 |
| 801 | 0 | @aCN@c20070611 |
| 905 | @a10447@dO37-53@eH432 | |
| 2006流变学进展= Advances in rheology:中国化学学会 中国力学学会第八届全国流变学学术会议论文集/侯万国, 罗迎社主编.-济南:山东大学出版社,2006.08 |
| 437页:图;26cm |
| ISBN 7-5607-3224-0:CNY120.00 |
| 本书由第八届全国流变学学术会议论文精选汇编而成,共收入论文近80篇,内容涉及流变学各主要的分支学科。全书分为“专题报告”、“高分子溶液与熔体”、“多相体系”、“本构理论 固体流变学”、“石油流变学”、“岩石、地质流变学”、“工业流变学”、“食品、医药、生物流变学”、“两亲分子缔合结构与流变学”九部分。 |
| ● |
| 相关链接 |
|
|
|
正题名:2006流变学进展
索取号:O37-53/H432
 
预约/预借
| 序号 | 登录号 | 条形码 | 馆藏地/架位号 | 状态 | 备注 |
| 1 | 230355 | 202303550 | 自科库401/401自科库 83排1列1层/ [索取号:O37-53/H432] | 在馆 |